Pracheen Bharat kee rajyavyavasta: (Record no. 35334)

000 -LEADER
fixed length control field 00444nam a22001571a 4500
082 ## - DEWEY DECIMAL CLASSIFICATION NUMBER
Classification number H 934.02
Item number UDA/P
100 ## - MAIN ENTRY--PERSONAL NAME
Personal name Udaysankar Panday
9 (RLIN) 110417
245 ## - TITLE STATEMENT
Title Pracheen Bharat kee rajyavyavasta:
Remainder of title vaidic evam smrithikaleen/
Statement of responsibility, etc. by
260 ## - PUBLICATION, DISTRIBUTION, ETC.
Place of publication, distribution, etc. Delhi:
Name of publisher, distributor, etc. Nag,
Date of publication, distribution, etc. 1998.
300 ## - PHYSICAL DESCRIPTION
Extent 419p.
500 ## - GENERAL NOTE
General note Pandey Udaysankar
650 ## - SUBJECT ADDED ENTRY--TOPICAL TERM
Topical term or geographic name entry element Vedic Period Ancient India
9 (RLIN) 110418
650 ## - SUBJECT ADDED ENTRY--TOPICAL TERM
Topical term or geographic name entry element History India
9 (RLIN) 110419
650 ## - SUBJECT ADDED ENTRY--TOPICAL TERM
Topical term or geographic name entry element History
9 (RLIN) 110420
942 ## - ADDED ENTRY ELEMENTS (KOHA)
Koha item type Book
Holdings
Withdrawn status Lost status Source of classification or shelving scheme Damaged status Not for loan Permanent Location Current Location Shelving location Date acquired Cost, normal purchase price Total Checkouts Full call number Barcode Date last seen Cost, replacement price Price effective from Koha item type
Write off       Not For Loan Sree Sankaracharya University of Sanskrit Sree Sankaracharya University of Sanskrit Stacks 08.01.2015 103.00   H 934.02 UDA/P 012676 08.01.2015 0.00 08.01.2015 Book